| 000 | 00341nam a2200133Ia 4500 | ||
|---|---|---|---|
| 008 | 230413s9999||||xx |||||||||||||| ||und|| | ||
| 020 | _a9780375766114 | ||
| 082 |
_a650.076 _bM3888 |
||
| 100 | _aMartz, Geoff & Robinson, Adam | ||
| 245 | 0 | _aCracking the GMAT | |
| 260 |
_aNew York _bRandom House _c2008 |
||
| 300 | _ax, 589 p. | ||
| 942 | _cBK | ||
| 999 |
_c26384 _d26384 |
||